000 00740nam a22002057a 4500
008 250830b |||||||| |||| 00| 0 eng d
020 _a9780199563036
040 _aCUZ
_beng
_crda
_dCUZ
_erda
050 _aPA6646.P76PRO
245 _aPropertius
_cedited by Ellen Greene and Tara S. Welch
264 _aNew York
_bOxford University press
_c©2012
300 _aextent viii, 510pages
336 _atext
_btxt
337 _aunmediated
_bn
338 _2rdacarrier
500 _aincludes index
650 _aPropertius, Sextus
_aPropertius, Sextus Criticism and interpretation
_aElegiac poetry, Latin History and criticism
942 _cOS
_i6646.P76PRO
_kPA
999 _c45366
_d45366